| 000 | 00494nam a2200193 a 4500 | ||
|---|---|---|---|
| 001 | 1772883571621 | ||
| 003 | YourLibrary | ||
| 005 | 20260307171107.0 | ||
| 008 | 260307s2009##################000#0#eng## | ||
| 020 | _a9781405171267 | ||
| 082 | 0 | 4 |
_a323.1196 _bLAW |
| 100 | 1 |
_aLawson, Steven F., _eauthor. |
|
| 245 | 1 | 0 | _aRunning for Freedom : |
| 260 |
_bJohn Wiley & Sons, _c2009. |
||
| 300 | _a129 pages | ||
| 650 | 0 | _aHistory. | |
| 942 | _cENGLISH | ||
| 040 |
_aYourLibrary _beng _cYourLibrary |
||
| 999 |
_c617203 _d617203 |
||